Essays in analysis / (Record no. 80)
[ view plain ]
| 000 -LEADER | |
|---|---|
| fixed length control field | 00791cam a22002891 4500 |
| 001 - CONTROL NUMBER | |
| control field | 80 |
| 003 - CONTROL NUMBER IDENTIFIER | |
| rucl marc code | BD-RjUL |
| 005 - DATE AND TIME OF LATEST TRANSACTION | |
| control field | 20211208233116.0 |
| 008 - FIXED-LENGTH DATA ELEMENTS--GENERAL INFORMATION | |
| fixed length control field | 131116s1966 enk b 000 0 eng d |
| 035 ## - SYSTEM CONTROL NUMBER | |
| System control number | (BD-RjUL)89 |
| System control number | (OCoLC)366349 |
| 040 ## - CATALOGING SOURCE | |
| Original cataloging agency | DLC |
| Transcribing agency | BD-RjUL |
| Modifying agency | BD-RjUL |
| Language of cataloging | eng |
| 041 ## - LANGUAGE CODE | |
| Language code of text/sound track or separate title | eng |
| 082 00 - DEWEY DECIMAL CLASSIFICATION NUMBER | |
| Classification number | 160 |
| Edition number | 16 |
| Author mark and year | AMB 1966 |
| 100 1# - MAIN ENTRY--PERSONAL NAME | |
| Personal name | Ambrose, Alice, |
| Dates associated with a name | 1906- |
| 9 (RLIN) | 279 |
| 245 10 - TITLE STATEMENT | |
| Title | Essays in analysis / |
| Statement of responsibility, etc. | Alice Ambrose |
| 260 ## - PUBLICATION, DISTRIBUTION, ETC. (IMPRINT) | |
| Place of publication, distribution, etc. | London : |
| Name of publisher, distributor, etc. | Allen & Unwin, |
| Place of publication, distribution, etc. | New York : |
| Name of publisher, distributor, etc. | Humanities P., |
| Date of publication, distribution, etc. | c1966. |
| 300 ## - PHYSICAL DESCRIPTION | |
| Pagination | 263 p ; |
| Size | 23 cm. |
| 504 ## - BIBLIOGRAPHY, ETC. NOTE | |
| Bibliography, etc | Includes indexs. |
| 526 ## - STUDY PROGRAM INFORMATION NOTE | |
| Requested Dept. | Philosophy |
| 650 #0 - SUBJECT ADDED ENTRY--TOPICAL TERM | |
| Topical term or geographic name as entry element | Philosophy. |
| 9 (RLIN) | 281 |
| Topical term or geographic name as entry element | Analysis (Philosophy) |
| 9 (RLIN) | 282 |
| 942 ## - ADDED ENTRY ELEMENTS (KOHA) | |
| Source of classification or shelving scheme | Dewey Decimal Classification |
| Koha item type | Books |
| Lost status | Source of classification or shelving scheme | Damaged status | Not for loan | Collection code | Permanent Location | Current Location | Shelving location | Date acquired | Source of acquisition | Cost, normal purchase price | Total Checkouts | Full call number | Date last seen | Copy number | Koha item type |
|---|---|---|---|---|---|---|---|---|---|---|---|---|---|---|---|
| Dewey Decimal Classification | Non-fiction | Central Library, University of Rajshahi | Central Library, University of Rajshahi | 27/12/1968 | Zeitlinger | 40.00 | 160 AME 1966 | 07/11/2013 | C-3 | Books | |||||
| Dewey Decimal Classification | Non-fiction | Central Library, University of Rajshahi | Central Library, University of Rajshahi | 27/12/1964 | Zeithinger | 40.00 | 160 AME 1966 | 23/07/2016 | C-2 | Books | |||||
| Dewey Decimal Classification | Non-fiction | Central Library, University of Rajshahi | Central Library, University of Rajshahi | 14/05/1968 | Zeitlinger | 40.00 | 160 AME 1966 | 01/12/2016 | C-4 | Books |